000 01189nam a2200277 u 4500
005 20191224042300.0
008 160525b2014 ck a||||r|||| 00| 0 spa d
040 _aCO-BoIAVH
_cCO-BoIAVH
041 0 _aspa
044 _ack
082 0 4 _a333.95014
_bM35b
100 1 _aMarín C., Martha
_eautora
245 1 0 _aBiodiversidad en el laberinto de la comunicación /
_cMartha Marín C., Brigitte Baptiste y Germán I. Andrade
260 _a[Bogotá?] :
_bInstituto de Investigación de Recursos Biológicos Alexander von Humboldt,
_c2014.
300 _a16 páginas aproximadamente sin numerar :
_bilustraciones a color ;
_c21 x 21 cm.
504 _aIncluye referencias bibliográficas.
505 0 _a1. "BioDiversidad"
505 0 _a2. Bosquejo del campo Comunicación/Biodiversidad.
505 0 _a3. Objetivos de la comunicación frente a los devenires de la Biodiversidad,
650 1 6 _aBiodiversidad
_xcomunicación
650 2 6 _aBiodiversidad
_xAspectos sociales
650 2 6 _aCiencias biológicas
_xcomunicación
700 1 _aBaptiste-Ballera, Brigitte L. G.
_eautora
700 1 _aAndrade, Germán I.
_eautor
942 _2ddc
_cLIBRO
999 _c18738
_d18738